Sertorius
Збережено в:
| Автор: | |
|---|---|
| Формат: | Книга |
| Мова: | Undetermined |
| Опубліковано: |
París, Francia
Larousse
1936
|
| Предмети: | |
| Теги: |
Додати тег
Немає тегів, Будьте першим, хто поставить тег для цього запису!
|
MARC
| LEADER | 00000nam a2200000Ia 4500 | ||
|---|---|---|---|
| 008 | 170316s9999 xx 000 0 und d | ||
| 040 | |a cru BVZT | ||
| 090 | |a 840 C-12s | ||
| 100 | |a Corneille, Pierre | ||
| 245 | |a Sertorius | ||
| 260 | |a París, Francia | ||
| 260 | |b Larousse | ||
| 260 | |c 1936 | ||
| 300 | |a 91 páginas | ||
| 650 | |a LITERATURA FRANCESA | ||
| 999 | |c 7575 |d 7575 | ||
| 942 | |c 15 D |h 840 C-12s |2 z | ||
